Proposal for Securitization of Systemic Risk in Slovak Agriculture

Príspevok navrhuje poistenie poľnohospodárskej plodiny, reprezentovanej hektárovým výnosom na Slovensku. Existuje systémové riziko, na ktoré fond z vybraného poistného nemusí byť pre poisťovateľa dostačujúci. Preto sa hľadá zaistenie.

Saved in:
Bibliographic Details
Main Author: Pinda, Ľudovít, 1958-
Other Authors: Páleš, Michal, 1984-, Smažáková, Lenka, 1991-, Mišota, Branislav
Format: Book Chapter
Language:English
Subjects:
Tags: Add Tag
No Tags, Be the first to tag this record!

MARC

LEADER 00000naa a2200000 4500
001 0278004
005 20240502074326.7
041 0 |a eng 
044 |a SK 
245 1 0 |a Proposal for Securitization of Systemic Risk in Slovak Agriculture  |c Ľudovít Pinda, Michal Páleš, Lenka Smažáková, Branislav Mišota 
520 |a Príspevok navrhuje poistenie poľnohospodárskej plodiny, reprezentovanej hektárovým výnosom na Slovensku. Existuje systémové riziko, na ktoré fond z vybraného poistného nemusí byť pre poisťovateľa dostačujúci. Preto sa hľadá zaistenie. 
610 2 0 |a poistenie 
610 2 0 |a poľnohospodárstvo 
610 2 0 |a riziko 
610 2 0 |a produkcia 
100 1 |a Pinda, Ľudovít, 1958- 
700 1 |a Páleš, Michal, 1984- 
700 1 |a Smažáková, Lenka, 1991- 
700 1 |a Mišota, Branislav